[Event "SVK-chT2B 2324"]
[Site "Slovakia"]
[Date "2023.12.02"]
[Round "5.5"]
[White "Kunovsky, Daniel"]
[Black "Farkas, Renata"]
[Result "0-1"]
[WhiteElo "1949"]
[BlackElo "1946"]
[PlyCount "72"]
[EventDate "2023.10.07"]
[EventType "team-tourn"]
[EventRounds "11"]
[EventCountry "SVK"]
[SourceTitle "EXT 2025"]
[Source "ChessBase"]
[SourceDate "2024.10.14"]
[SourceVersion "1"]
[SourceVersionDate "2024.10.14"]
[SourceQuality "1"]
[WhiteTeam "Ziharec"]
[BlackTeam "Surany"]
[WhiteTeamCountry "SLO"]
[BlackTeamCountry "SVK"]

1. e4 c5 2. Nf3 e6 3. d4 cxd4 4. Nxd4 a6 5. Nc3 Qc7 6. Be2 Nf6 7. 0-0 Be7 8. Be3 0-0 9. a4 d6 10. f4 b6 11. Bf3 Bb7 12. g4 h6 13. Qd2 Nc6 14. Qf2 Nxd4 15. Bxd4 Nd7 16. Rad1 e5 17. Be3 exf4 18. Bxf4 Ne5 19. Be2 Ng6 20. Be3 Bh4 21. Qf5 Rae8 22. Bd4 Ne5 23. Qf4 Re6 24. Qe3 Rg6 25. h3 Bd8 26. Nd5 Bxd5 27. exd5 h5 28. Bxe5 dxe5 29. Bd3 Bg5 30. Qe4 hxg4 31. hxg4 Bf4 32. Kf2 Qc5+ 33. Ke2 f5 34. Qf3 Rxg4 35. Bxf5 Rxf5 36. d6 Qxc2+ 0-1

[Event "SVK-chT2B 2324"]
[Site "Slovakia"]
[Date "2023.11.11"]
[Round "3.5"]
[White "Chrenko, Kristian"]
[Black "Farkas, Renata"]
[Result "1/2-1/2"]
[WhiteElo "2000"]
[BlackElo "1946"]
[PlyCount "37"]
[EventDate "2023.10.07"]
[EventType "team-tourn"]
[EventRounds "11"]
[EventCountry "SVK"]
[SourceTitle "EXT 2025"]
[Source "ChessBase"]
[SourceDate "2024.10.14"]
[SourceVersion "1"]
[SourceVersionDate "2024.10.14"]
[SourceQuality "1"]
[WhiteTeam "Tlmace"]
[BlackTeam "Surany"]
[WhiteTeamCountry "SVK"]
[BlackTeamCountry "SVK"]

1. e4 c5 2. Nf3 e6 3. c4 Nc6 4. Nc3 Nf6 5. Be2 d5 6. exd5 exd5 7. d4 Be6 8. cxd5 Nxd5 9. Nxd5 Qxd5 10. dxc5 Qxd1+ 11. Bxd1 Bxc5 12. 0-0 0-0 13. Bf4 Nb4 14. b3 Rfd8 15. Be2 Rac8 16. Rfc1 Bf5 17. Ne1 Bd4 18. Rxc8 Rxc8 19. Rd1 1/2-1/2

[Event "Piestany Slovakia op-B"]
[Site "Piestany"]
[Date "2023.07.11"]
[Round "1"]
[White "Farkas, Renata"]
[Black "Reis, Pedro Rafael Melo"]
[Result "1-0"]
[WhiteElo "1946"]
[BlackElo "1588"]
[PlyCount "121"]
[EventDate "2023.07.11"]
[EventType "swiss"]
[EventRounds "9"]
[EventCountry "SVK"]
[SourceTitle "EXT 2024"]
[Source "ChessBase"]
[SourceDate "2023.10.10"]
[SourceVersion "1"]
[SourceVersionDate "2023.10.10"]
[SourceQuality "1"]

1. d4 d5 2. c4 e6 3. Nf3 Nf6 4. g3 c6 5. Bg2 Nbd7 6. 0-0 b6 7. Qc2 Bb7 8. Nbd2 Bd6 9. b3 0-0 10. Bb2 Qc7 11. Rac1 Rac8 12. Rfe1 c5 13. cxd5 exd5 14. Qf5 Rfe8 15. e3 Qb8 16. Bh3 Re7 17. Qb1 Rce8 18. Qa1 Ne4 19. Nxe4 dxe4 20. Nh4 g6 21. Bxd7 Rxd7 22. dxc5 Bxc5 23. Bh8 Bf8 24. Ng2 f5 25. Red1 Red8 26. Rxd7 Rxd7 27. Nf4 Qd6 28. Bd4 Qe7 29. Qc3 Bg7 30. Qc4+ Qf7 31. Qxf7+ Kxf7 32. Bxg7 Kxg7 33. Ne6+ Kf6 34. Nd4 Ke5 35. h4 h6 36. b4 a6 37. Kf1 Kd6 38. h5 gxh5 39. Nxf5+ Ke5 40. Nd4 h4 41. gxh4 Rg7 42. Ne2 Rg6 43. Rc7 Bc6 44. Nd4 Bd5 45. a3 Rg4 46. Re7+ Kf6 47. Rd7 Bc4+ 48. Ke1 Rxh4 49. Rd6+ Ke5 50. Rxb6 Rh1+ 51. Kd2 Rh2 52. Kc3 Bd3 53. f4+ Kd5 54. b5 axb5 55. Re6 Rc2+ 56. Kb4 Rc4+ 57. Ka5 Ra4+ 58. Kb6 Rxa3 59. Rxh6 b4 60. Rh5+ Kd6 61. Ra5 1-0

[Event "HUN-chT2 Szechenyi 2223"]
[Site "Hungary"]
[Date "2023.02.19"]
[Round "6.9"]
[White "Simai, Laszlo"]
[Black "Farkas, Renata"]
[Result "0-1"]
[WhiteElo "1698"]
[BlackElo "1917"]
[PlyCount "66"]
[EventDate "2022.11.20"]
[EventType "team-tourn"]
[EventRounds "9"]
[EventCountry "HUN"]
[SourceTitle "EXT 2025"]
[Source "ChessBase"]
[SourceDate "2024.10.14"]
[SourceVersion "1"]
[SourceVersionDate "2024.10.14"]
[SourceQuality "1"]
[WhiteTeam "Ezust Huszar"]
[BlackTeam "Haladas III"]
[WhiteTeamCountry "HUN"]
[BlackTeamCountry "HUN"]

1. e4 c5 2. Nf3 e6 3. d4 cxd4 4. Nxd4 a6 5. Nc3 Qc7 6. Be2 Nf6 7. 0-0 b5 8. a3 Bb7 9. Bf3 d6 10. Qe2 Nbd7 11. g3 g6 12. Bg2 Bg7 13. Rd1 0-0 14. Bh3 Rfe8 15. Be3 Nxe4 16. Nxe4 Bxe4 17. c3 Qb7 18. Rd2 Ne5 19. b3 Rac8 20. Rc1 Bf3 21. Qf1 Bd5 22. Bg2 Bxg2 23. Qxg2 Qxg2+ 24. Kxg2 Ng4 25. Ne2 Nxe3+ 26. fxe3 d5 27. Kf3 Rc7 28. Nd4 Rec8 29. Rdc2 e5 30. Ne2 d4 31. exd4 exd4 32. Ke4 Re8+ 33. Kd3 dxc3 0-1

[Event "HUN-chT2 Szechenyi 2122"]
[Site "Hungary"]
[Date "2022.04.10"]
[Round "9.6"]
[White "Farkas, Renata"]
[Black "Takacs, Karoly"]
[Result "0-1"]
[WhiteElo "1926"]
[BlackElo "1937"]
[PlyCount "60"]
[EventDate "2021.10.10"]
[EventType "team-tourn"]
[EventRounds "9"]
[EventCountry "HUN"]
[SourceTitle "EXT 2025"]
[Source "ChessBase"]
[SourceDate "2024.10.14"]
[SourceVersion "1"]
[SourceVersionDate "2024.10.14"]
[SourceQuality "1"]
[WhiteTeam "Haladas III"]
[BlackTeam "Sarvar"]
[WhiteTeamCountry "HUN"]
[BlackTeamCountry "HUN"]

1. d4 Nf6 2. c4 e6 3. Nf3 d5 4. e3 Be7 5. b3 0-0 6. Bd3 b6 7. 0-0 Bb7 8. Nbd2 c5 9. cxd5 Nxd5 10. Bb2 Nc6 11. a3 a5 12. Qc2 h6 13. Rfd1 Rc8 14. dxc5 Bxc5 15. Rac1 Qe7 16. Qc4 Rfd8 17. Nf1 Bxa3 18. Qe4 Nf6 19. Bxf6 Qxf6 20. Qh7+ Kf8 21. Rc4 Ne5 22. Nxe5 Qxe5 23. Rg4 Rc3 24. f4 Qf6 25. Ng3 g6 26. Qxh6+ Ke7 27. Be2 Rxd1+ 28. Bxd1 Rc1 29. e4 Rxd1+ 30. Kf2 Qd4+ 0-1

[Event "HUN-chT2 Szechenyi 2122"]
[Site "Hungary"]
[Date "2021.10.31"]
[Round "2.4"]
[White "Farkas, Renata"]
[Black "Takacs, Laszlo"]
[Result "0-1"]
[WhiteElo "1923"]
[BlackElo "2150"]
[PlyCount "50"]
[EventDate "2021.10.10"]
[EventType "team-tourn"]
[EventRounds "9"]
[EventCountry "HUN"]
[SourceTitle "EXT 2025"]
[Source "ChessBase"]
[SourceDate "2024.10.14"]
[SourceVersion "1"]
[SourceVersionDate "2024.10.14"]
[SourceQuality "1"]
[WhiteTeam "Haladas III"]
[BlackTeam "Szechenyi ESE"]
[WhiteTeamCountry "HUN"]
[BlackTeamCountry "HUN"]

1. d4 Nf6 2. c4 e6 3. Nf3 b6 4. g3 Bb7 5. Bg2 Bb4+ 6. Bd2 Be7 7. Nc3 0-0 8. 0-0 d5 9. cxd5 Nxd5 10. Nxd5 Bxd5 11. Qc2 Nd7 12. e4 Bb7 13. Bc3 Nf6 14. Ne5 c5 15. Rfd1 cxd4 16. Rxd4 Qc7 17. Rc4 Qb8 18. Nc6 Bxc6 19. Rxc6 Qe8 20. Bd4 Bc5 21. Bxf6 Qxc6 22. Be7 Rfc8 23. e5 Qe8 24. Bg5 Be3 25. Qxc8 Bxf2+ 0-1

[Event "Piestany Slovakia op"]
[Site "Piestany"]
[Date "2021.07.18"]
[Round "9"]
[White "Bochnickova, Simona"]
[Black "Farkas, Renata"]
[Result "1-0"]
[WhiteElo "1602"]
[BlackElo "1956"]
[PlyCount "67"]
[EventDate "2021.07.10"]
[EventType "swiss"]
[EventRounds "9"]
[EventCountry "SVK"]
[SourceTitle "CBM 203 Extra"]
[Source "ChessBase"]
[SourceDate "2021.09.30"]
[SourceVersion "1"]
[SourceVersionDate "2021.09.30"]
[SourceQuality "1"]

1. e4 c5 2. Nf3 Nc6 3. d4 cxd4 4. Nxd4 Nf6 5. Nc3 e5 6. Ndb5 d6 7. Bg5 a6 8. Na3 b5 9. Nd5 Be7 10. Bxf6 Bxf6 11. c3 0-0 12. Nc2 Bg5 13. a4 bxa4 14. Rxa4 a5 15. Bc4 Rb8 16. b3 Kh8 17. Nce3 g6 18. h4 Bxh4 19. g3 Bg5 20. f4 exf4 21. gxf4 Bh4+ 22. Kf1 f5 23. Ra2 fxe4 24. Rah2 g5 25. Qh5 Ne5 26. Ke2 Nxc4 27. Nxc4 Bf5 28. fxg5 Bxg5 29. Rg2 Rg8 30. Rhg1 Rb5 31. Rxg5 Rxg5 32. Rxg5 Be6 33. Qh6 Qd7 34. Qf8+ 1-0

[Event "Levice Toth Memorial"]
[Site "Levice"]
[Date "2019.08.04"]
[Round "7"]
[White "Farkas, Renata"]
[Black "Nikanova, Ekaterina"]
[Result "1/2-1/2"]
[WhiteElo "1923"]
[BlackElo "2133"]
[PlyCount "146"]
[EventDate "2019.08.01"]
[EventType "swiss"]
[EventRounds "7"]
[EventCountry "SVK"]
[SourceTitle "EXT 2020"]
[Source "ChessBase"]
[SourceDate "2019.10.17"]
[SourceVersion "1"]
[SourceVersionDate "2019.10.17"]
[SourceQuality "1"]

1. Nf3 d6 2. g3 g6 3. Bg2 Bg7 4. 0-0 Nf6 5. d4 0-0 6. c4 c6 7. Nc3 Nbd7 8. e4 e5 9. dxe5 Nxe5 10. Nxe5 dxe5 11. h3 Be6 12. c5 Nd7 13. Be3 f5 14. exf5 gxf5 15. Qh5 f4 16. Be4 Nf6 17. Qxe5 Bxh3 18. Rfd1 Qa5 19. Qxf4 Nxe4 20. Qxe4 Rae8 21. Qh4 Bf5 22. Qg5 Qc7 23. Rd6 Kh8 24. Rad1 Be5 25. Bd4 Bxd4 26. R6xd4 Qe5 27. b4 Qe6 28. Qh4 Bc2 29. Rc1 Bg6 30. Rd6 Qf5 31. Qd4+ Kg8 32. Rd1 Rf7 33. Rd8 Rxd8 34. Qxd8+ Rf8 35. Qd4 Bh5 36. Re1 Bf3 37. Re7 Qg5 38. Qe3 Qh5 39. Qe6+ Kh8 40. Qe5+ Qxe5 41. Rxe5 Rf6 42. Kf1 Rf7 43. Ke1 Kg7 44. Re6 Bg4 45. Re5 Kf6 46. f4 Bf5 47. g4 Bd3 48. Kf2 h6 49. Ke3 Rd7 50. Ne4+ Bxe4 51. Rxe4 Rd1 52. Rd4 Re1+ 53. Kf2 Ra1 54. Rd6+ Kg7 55. Rd7+ Kf6 56. Rxb7 Rxa2+ 57. Kg3 Ra3+ 58. Kh4 Rf3 59. Rc7 Rxf4 60. Rxc6+ Kg7 61. b5 Rb4 62. Rc7+ Kg6 63. Rxa7 Rxb5 64. Ra6+ Kg7 65. Rc6 Rb3 66. Rb6 Rc3 67. c6 Kg6 68. c7+ Kg7 69. Rb7 Kg6 70. Ra7 Kf6 71. Ra6+ Kg7 72. Ra7 Kf6 73. Ra6+ Kg7 1/2-1/2